Reach before you teach: ignite passion and purpose in your classroom

Saved in:
Bibliographic Details
Main Author: PAULA, Prentis
Format: Book
Language:English
Published: Sage Publications, 2014.
Tags: Add Tag
No Tags, Be the first to tag this record!

MARC

LEADER 00000nam a22000007a 4500
008 210408b ||||| |||| 00| 0 eng d
020 |a 978-1-4522-6138-6 
100 |a PAULA, Prentis. 
245 |a Reach before you teach:   |b ignite passion and purpose in your classroom  |g xxiv, 189p.; ill. 
260 |b Sage Publications,   |c 2014.  |h Thousand Oaks, CA: Corwin,   |i 692364   |i 692365  |l LB1737 .A3P28  |m High school teaching.  |m Effective teaching.   |m Teaching – Student relationships. 
500 |a “It includes references and index”. 
942 |a lcc  |c BK  |e Adeniran F, A  |f 08/04/2021 
952 |0 0  |1 0  |2 lcc  |4 0  |6 LB1737 A3 P28  |7 0  |9 2044  |a HOL  |b ED  |c LP  |d 2021-04-08  |l 0  |o LB1737 .A3P28  |p 2021-5901  |r 2021-04-08 00:00:00  |w 2021-04-08  |y BK 
952 |0 0  |1 0  |2 lcc  |4 0  |6 LB1737 A3 P28  |7 0  |9 2045  |a HOL  |b HOL  |c LP  |d 2021-04-08  |l 0  |o LB1737 .A3P28  |p 2021-5902  |r 2021-04-08 00:00:00  |w 2021-04-08  |y BK 
999 |c 1061  |d 1061